00274nam a2200085 4500082001200000245011600012260002600128300000700154650002700161 a540 SAM aTraining Seminar on "Sampling ststistics and standardization in chemical analysis and environmental management aCOLOMBObICHEMCc2005 a10 aTraining Seminara2005